000 01400cam a2200349 a 4500
999 _c28602
_d28573
001 13653887
003 EG-ScBUE
005 20200825134858.0
008 040713r20041957nyua f b 001 0deng d
020 _a0486439070 (pbk.)
020 _a9780486439075
040 _aDLC
_beng
_erda
_cDLC
_dDLC
_dEG-ScBUE
082 0 4 _a520.92
_bARM
_222
100 1 _aArmitage, A.
_q(Angus),
_d1902-1976,
_eauthor.
_916139
245 1 0 _aCopernicus and modern astronomy /
_cAngus Armitage.
264 1 _aMineola, New York :
_bDover Publications, Inc.,
_c2004.
300 _a236 pages :
_billustrations ;
_c22 cm.
336 _2rdacontent
_atext
_btxt
337 _2rdamedia
_aunmediated
_bn
338 _2rdacarrier
_avolume
_bnc
490 0 _aDover science books
500 _aPreviously published: Copernicus, the founder of modern astronomy. New York : Thomas Yoseloff, 1957.
504 _aIncludes bibliographical references and index.
600 1 0 _aCopernicus, Nicolaus,
_d1473-1543.
650 7 _aAstronomy
_xHistory.
_2BUEsh
653 _bGGEN
_cJuly2020
655 _vReading book
_934232
856 4 2 _3Publisher description
_uhttp://www.loc.gov/catdir/enhancements/fy0618/2004056022-d.html
906 _a7
_bcbc
_corignew
_d1
_eocip
_f20
_gy-gencatlg
942 _2ddc
_cBB